El Derecho real de superficie (Record no. 74442)
[ view plain ]
| 000 -LEADER | |
|---|---|
| campo de control de longitud fija | 00487nam a2200157 i 4500 |
| 001 - NÚMERO DE CONTROL | |
| campo de control | 74442 |
| 003 - IDENTIFICADOR DE NÚMERO DE CONTROL | |
| campo de control | ES-MaACL |
| 005 - FECHA Y HORA DE LA ÚLTIMA TRANSACCIÓN | |
| campo de control | 20230906172132.0 |
| 007 - CAMPO FIJO DE DESCRIPCIÓN FÍSICA--INFORMACIÓN GENERAL | |
| campo de control de longitud fija | t| |
| 008 - DATOS DE LONGITUD FIJA--INFORMACIÓN GENERAL | |
| campo de control de longitud fija | 040920s1922 sp ||||1| spa d |
| 100 1# - ENTRADA PRINCIPAL--NOMBRE DE PERSONA | |
| Nombre de persona | González y Martínez, Jerónimo. |
| 9 (RLIN) | 59036 |
| 245 13 - MENCIÓN DEL TÍTULO | |
| Título | El Derecho real de superficie |
| Resto del título | : conferencias / |
| Mención de responsabilidad, etc. | por Jerónimo González Martínez. |
| 260 ## - PUBLICACIÓN, DISTRIBUCIÓN, ETC. | |
| Lugar de publicación, distribución, etc. | Madrid : |
| Nombre del editor, distribuidor, etc. | [s.n., |
| Fecha de publicación, distribución, etc. | 1922] ( |
| Fabricante | Talleres Poligráficos) |
| 300 ## - DESCRIPCIÓN FÍSICA | |
| Extensión | 175 p. ; |
| Dimensiones | 20 cm. |
| 852 ## - LOCALIZACIÓN | |
| Ubicación | ES-MaACL |
| Número de control de estantería | F-11658 |
| Estatus retirado | Estado de pérdida | Estado de daño | No para préstamo | Biblioteca de origen | Biblioteca actual | Ubicación en estantería | Fecha de adquisición | Fuente de adquisición | Total de préstamos | Signatura topográfica completa | Código de barras | Visto por última vez | Precio de reemplazo | Tipo de ítem Koha |
|---|---|---|---|---|---|---|---|---|---|---|---|---|---|---|
| Biblioteca del Ateneo de Madrid | Biblioteca del Ateneo de Madrid | Sala Pecera Planta 2 | 17/01/2008 | F-11658 | 1077927 | 23/02/2023 | 23/02/2023 | Libro impreso |
